000 00779nam a22002057a 4500
999 _c101078
_d101078
005 20230706160912.0
010 _a1718EN-30 ENG-115349 B-688479-500 ENG-137322
020 _a9789351866060
_c350.00
035 _aB-688479-500 EN-120854
037 _bPrabhat
_adpl
037 _bDBAD/PUB
082 _a920
100 _aGandhi,A.K.
245 _a101(One hundred one) great personalities :
_bwho changed the world /
_cby A.K. Gandhi
260 _aNew Delhi
_bPrabhat Prakashan
_c2016
270 _a4/19 Asaf Ali Road
_bNew Delhi
_e110002
300 _a231p. :
_bill
_c23cm.(Hb)
942 _2ddc
_cEN
_mGAN
_h920